Loading...
കഥകളി പ്രവേശിക /
| Main Author: | |
|---|---|
| Other Authors: | |
| Format: | Printed Book |
| Published: |
2002
|
| Subjects: |
| LEADER | 00600cam a2200157ua 4500 | ||
|---|---|---|---|
| 082 | |a 792.642K |b GOP/K | ||
| 100 | 0 | |a ഗോപിനാഥൻ പിള്ള, വട്ടപ്പറമ്പിൽ | |
| 245 | 0 | 0 | |a കഥകളി പ്രവേശിക / |
| 260 | |c 2002 | ||
| 300 | |a 294p.. | ||
| 650 | |a Kathakali pravesika |a Kathakali | ||
| 650 | 0 | |a Performing arts-Kerala | |
| 700 | |a Gopinathapillai, Vattaparambil | ||
| 942 | |c BK | ||
| 999 | |c 19052 |d 19052 | ||
| 952 | |0 0 |1 0 |4 0 |6 792_000000000000000_642K_GOP |7 0 |9 19897 |a KUCL |b KUCL |d 2014-05-23 |l 2 |m 1 |o 792.642K GOP/ |p 09138 |r 2020-09-07 |s 2020-08-10 |w 2014-05-23 |y BK | ||